Les villes de France avec le plus de monuments historiques - Statistiques

Statistiques générales
  • Ce quiz a été pris 1 200 fois
  • Le résultat moyen est 10 sur 15
Statistiques - réponses
Monuments Ville % Correct
1823 Paris
100%
247 Lyon
95%
206 Lille
91%
365 Bordeaux
90%
224 Strasbourg
88%
205 Toulouse
87%
228 Rouen
61%
208 Dijon
59%
260 Nancy
57%
163 Tours
55%
178 Clermont-Ferrand
53%
292 La Rochelle
44%
160 Avignon
43%
188 Besançon
33%
227 Arras
19%
Aucun quiz correspondant
Distribution des résultats
% des personnes avec chaque résultat
Percentile par nombre de réponses
Votre historique - résultats
Vous n’avez pas pris ce quiz